000 00462nam a2200169Ia 4500
005 20250428175032.0
008 231217s9999 xx 000 0 und d
020 _a9780070242791
082 _a004.65 GOR;1 R
100 _aGoralski, Walter J.
245 0 _aAPPN/HPR : the future of SNA
260 _c1997
_bMacgraw-hill
_aNew York
300 _axvii+513
400 _aMcgrawhill series on computer communications
650 _aAPPN/HPR,SNA
942 _cAA
999 _c182425
_d182425